CenterStage : (Record no. 126978)

MARC details
000 -LEADER
campo de control de longitud fija 04370cam a22008057i 4500
001 - NÚMERO DE CONTROL
campo de control 23893710
003 - IDENTIFICADOR DE NÚMERO DE CONTROL
campo de control BJBSDDR
005 - FECHA Y HORA DE LA ÚLTIMA TRANSACCIÓN
campo de control 20260430164712.0
006 - CÓDIGOS DE INFORMACIÓN DE LONGITUD FIJA--CARACTERÍSTICAS DEL MATERIAL ADICIONAL
campo de control de longitud fija a|||||r|||| 00| 0
007 - CAMPO FIJO DE DESCRIPCIÓN FÍSICA--INFORMACIÓN GENERAL
campo de control de longitud fija ta
008 - DATOS DE LONGITUD FIJA--INFORMACIÓN GENERAL
campo de control de longitud fija 241016s2021 nyu r 001 0deng d
010 ## - NÚMERO DE CONTROL DE LA BIBLIOTECA DEL CONGRESO
Número de control de LC 2024404898
020 ## - NÚMERO INTERNACIONAL ESTÁNDAR DEL LIBRO
Número Internacional Estándar del Libro 9781982152031
Información calificativa (hardcover)
020 ## - NÚMERO INTERNACIONAL ESTÁNDAR DEL LIBRO
Número Internacional Estándar del Libro 1982152036
Información calificativa (hardcover)
020 ## - NÚMERO INTERNACIONAL ESTÁNDAR DEL LIBRO
Número Internacional Estándar del Libro 9781982152048
Información calificativa (paperback)
020 ## - NÚMERO INTERNACIONAL ESTÁNDAR DEL LIBRO
Número Internacional Estándar del Libro 1982152044
Información calificativa (paperback)
020 ## - NÚMERO INTERNACIONAL ESTÁNDAR DEL LIBRO
ISBN cancelado o inválido 9781982152055
Información calificativa (ebook)
035 ## - NÚMERO DE CONTROL DEL SISTEMA
Número de control de sistema 23893710
035 ## - NÚMERO DE CONTROL DEL SISTEMA
Número de control de sistema (OCoLC)1242982305
040 ## - FUENTE DE CATALOGACIÓN
Centro catalogador/agencia de origen WIQ
Lengua de catalogación eng
Normas de descripción rda
Centro/agencia transcriptor WIQ
Centro/agencia modificador OCO
-- OCLCO
-- CLE
-- HBP
-- OCLCO
-- GRC
-- GL5
-- YDX
-- CPL
-- OCLCF
-- ILC
-- JPL
-- TCH
-- OCLCQ
-- OCLCO
-- CLE
-- OCLCL
-- DLC
041 ## - CÓDIGO DE IDIOMA
Código de lengua del texto/banda sonora o título independiente eng
042 ## - CÓDIGO DE AUTENTICACIÓN
Código de autenticación lccopycat
043 ## - CÓDIGO DE ÁREA GEOGRÁFICA
Código de área geográfica n-us---
050 00 - SIGNATURA TOPOGRÁFICA DE LA BIBLIOTECA DEL CONGRESO
Número de clasificación PN1992.4.A2
Número de ítem K23c 2021
082 04 - NÚMERO DE LA CLASIFICACIÓN DECIMAL DEWEY
Número de clasificación 791.4502/8092
Número de edición 23
100 1# - ENTRADA PRINCIPAL--NOMBRE DE PERSONA
Nombre de persona Kay, Michael,
Fechas asociadas al nombre 1961-
Término indicativo de función/relación author.
9 (RLIN) 48242
245 10 - MENCIÓN DEL TÍTULO
Título CenterStage :
Resto del título my most fascinating interviews--from A-Rod to Jay-Z /
Mención de responsabilidad, etc. Michael Kay.
246 3# - FORMA VARIANTE DEL TITULO
Título propio/Titulo breve Center stage :
Resto del título my most fascinating interviews--from A-Rod to Jay-Z
250 ## - MENCION DE EDICION
Mención de edición First Scribner hardcover edition.
264 #1 - PRODUCCIÓN, PUBLICACIÓN, DISTRIBUCIÓN, FABRICACIÓN Y COPYRIGHT
Producción, publicación, distribución, fabricación y copyright New York, NY :
Nombre del de productor, editor, distribuidor, fabricante Scribner,
Fecha de producción, publicación, distribución, fabricación o copyright 2021.
300 ## - DESCRIPCIÓN FÍSICA
Extensión xx, 361 pages ;
Dimensiones 24 cm
336 ## - TIPO DE CONTENIDO
Término de tipo de contenido text
Código de tipo de contenido txt
Fuente rdacontent
337 ## - TIPO DE MEDIO
Nombre/término del tipo de medio unmediated
Código del tipo de medio n
Fuente rdamedia
338 ## - TIPO DE SOPORTE
Nombre/término del tipo de soporte volume
Código del tipo de soporte nc
Fuente rdacarrier
500 ## - NOTA GENERAL
Nota general "An impressive range of sports and entertainment stars sit down for friendly chats."--Kirkusreviews.com
500 ## - NOTA GENERAL
Nota general Includes index.
505 0# - NOTA DE CONTENIDO CON FORMATO
Nota de contenido con formato part 1. They did it their way: A-Rod (2003) ; Bill Parcells (2002) ; Sly Stallone (2003) ; Joe Namath (2006) ; Red Auerbach (2004) ; Jerry Jones (2008) ; George Foreman (2004) ; Andre Agassi (2009) ; Mike Tyson (2010) ; Bob Costas (2002 and 2017) -- part 2. They showed us what is possible: Bill Russell (2009) ; Joe Montana (2006) ; Bobby Orr (2013) ; Paul Simon (2009) ; Jon Bon Jovi (2004) ; Steve Young (2002) ; Chris Evert (2002) ; Lindsey Vonn (2010) ; David Halberstam (2005) -- part 3. They made us laugh: Lorne Michaels (2008) ; Billy Crystal (2002 and 2012) ; Adam Sandler (2011) ; Yogi Berra (2005) ; Charles Barkley (2006) ; Seth Meyers (2015) ; Alan Alda (2015) ; Larry David (2007) ; Rob Reiner (2014) -- part 4. They pushed the boundaries: Quentin Tarantino (2007) ; Kareem Abdul-Jabbar (2004) ; Serena Williams (2004) ; Lawrence Taylor (2009) ; John McEnroe (2010) ; Snoop Dogg (2008) ; Jay-Z (2006).
520 ## - RESUMEN, ETC.
Sumario, etc. For nearly two decades as CenterStage's host, Kay has conducted hourlong conversations with American pop culture's most intriguing personalities. Here he has gathered the conversations that best exemplify the show's distinctive blend of humor, inspiration, and self-revelation. Kay also includes behind-the-scenes stories. -- adapted from jacket
600 10 - PUNTO DE ACCESO ADICIONAL DE MATERIA--NOMBRE DE PERSONA
Nombre de persona Kay, Michael,
Fechas asociadas al nombre 1961-
650 #0 - PUNTO DE ACCESO ADICIONAL DE MATERIA--TÉRMINO DE MATERIA
Término de materia o nombre geográfico como elemento de entrada Celebrities
Subdivisión de forma Interviews.
650 #0 - PUNTO DE ACCESO ADICIONAL DE MATERIA--TÉRMINO DE MATERIA
Término de materia o nombre geográfico como elemento de entrada Television personalities
Subdivisión geográfica United States
Subdivisión de forma Biography.
650 #0 - PUNTO DE ACCESO ADICIONAL DE MATERIA--TÉRMINO DE MATERIA
Término de materia o nombre geográfico como elemento de entrada Athletes
Subdivisión geográfica United States
Subdivisión de forma Biography.
650 #6 - PUNTO DE ACCESO ADICIONAL DE MATERIA--TÉRMINO DE MATERIA
Término de materia o nombre geográfico como elemento de entrada Célébrités
Subdivisión de forma Entretiens.
650 #6 - PUNTO DE ACCESO ADICIONAL DE MATERIA--TÉRMINO DE MATERIA
Término de materia o nombre geográfico como elemento de entrada Sportifs
Subdivisión geográfica États-Unis
Subdivisión de forma Biographies.
650 #7 - PUNTO DE ACCESO ADICIONAL DE MATERIA--TÉRMINO DE MATERIA
Término de materia o nombre geográfico como elemento de entrada BIOGRAPHY & AUTOBIOGRAPHY
Subdivisión general Entertainment & Performing Arts.
Fuente del encabezamiento o término bisacsh
650 #7 - PUNTO DE ACCESO ADICIONAL DE MATERIA--TÉRMINO DE MATERIA
Término de materia o nombre geográfico como elemento de entrada BIOGRAPHY & AUTOBIOGRAPHY
Subdivisión general Rich & Famous.
Fuente del encabezamiento o término bisacsh
650 #7 - PUNTO DE ACCESO ADICIONAL DE MATERIA--TÉRMINO DE MATERIA
Término de materia o nombre geográfico como elemento de entrada Athletes.
Fuente del encabezamiento o término fast
Número de control del registro de autoridad o número normalizado (OCoLC)fst00820027
650 #7 - PUNTO DE ACCESO ADICIONAL DE MATERIA--TÉRMINO DE MATERIA
Término de materia o nombre geográfico como elemento de entrada Celebrities.
Fuente del encabezamiento o término fast
Número de control del registro de autoridad o número normalizado (OCoLC)fst00850072
650 #7 - PUNTO DE ACCESO ADICIONAL DE MATERIA--TÉRMINO DE MATERIA
Término de materia o nombre geográfico como elemento de entrada Television personalities.
Fuente del encabezamiento o término fast
Número de control del registro de autoridad o número normalizado (OCoLC)fst01146966
651 #7 - PUNTO DE ACCESO ADICIONAL DE MATERIA--NOMBRE GEOGRÁFICO
Nombre geográfico United States.
Fuente del encabezamiento o término fast
Número de control del registro de autoridad o número normalizado (OCoLC)fst01204155
URI de un objeto del mundo real https://id.oclc.org/worldcat/entity/E39PBJtxgQXMWqmjMjjwXRHgrq
655 #2 - TERMINO DE INDIZACIÓN--GENERO/FORMA
Datos o término principal de género/forma Interview
655 #2 - TERMINO DE INDIZACIÓN--GENERO/FORMA
Datos o término principal de género/forma Autobiography
655 #2 - TERMINO DE INDIZACIÓN--GENERO/FORMA
Datos o término principal de género/forma Biography
655 #7 - TERMINO DE INDIZACIÓN--GENERO/FORMA
Datos o término principal de género/forma interviews.
Fuente del término aat
655 #7 - TERMINO DE INDIZACIÓN--GENERO/FORMA
Datos o término principal de género/forma Autobiographies.
Fuente del término fast
Número de control del registro de autoridad o número normalizado (OCoLC)fst01919894
655 #7 - TERMINO DE INDIZACIÓN--GENERO/FORMA
Datos o término principal de género/forma Biographies.
Fuente del término fast
Número de control del registro de autoridad o número normalizado (OCoLC)fst01919896
655 #7 - TERMINO DE INDIZACIÓN--GENERO/FORMA
Datos o término principal de género/forma Interviews.
Fuente del término fast
Número de control del registro de autoridad o número normalizado (OCoLC)fst01423832
655 #7 - TERMINO DE INDIZACIÓN--GENERO/FORMA
Datos o término principal de género/forma Interviews.
Fuente del término lcgft
655 #7 - TERMINO DE INDIZACIÓN--GENERO/FORMA
Datos o término principal de género/forma Autobiographies.
Fuente del término lcgft
655 #7 - TERMINO DE INDIZACIÓN--GENERO/FORMA
Datos o término principal de género/forma Biographies.
Fuente del término lcgft
655 #7 - TERMINO DE INDIZACIÓN--GENERO/FORMA
Datos o término principal de género/forma Interviews.
Fuente del término rvmgf
655 #7 - TERMINO DE INDIZACIÓN--GENERO/FORMA
Datos o término principal de género/forma Autobiographies.
Fuente del término rvmgf
655 #7 - TERMINO DE INDIZACIÓN--GENERO/FORMA
Datos o término principal de género/forma Biographies.
Fuente del término rvmgf
730 0# - ASIENTO SECUNDARIO--TITULO UNIFORME
Título uniforme CenterStage (Television program)
758 ## - IDENTIFICADOR DEL RECURSO
Información de relación has work:
Etiqueta CenterStage (Text)
URI de un objeto del mundo real https://id.oclc.org/worldcat/entity/E39PCGf67KVJQVMywTytprJRrq
Relación https://id.oclc.org/worldcat/ontology/hasWork
906 ## - ELEMENTOS DE DATOS F LOCAL, LDF (RLIN)
a 7
b cbc
c copycat
d 2
e ncip
f 20
g y-gencatlg
942 ## - ELEMENTOS DE ENTRADA SECUNDARIOS (KOHA)
Fuente del sistema de clasificación o colocación Clasificación de Library of Congress
Suprimir en OPAC No
Tipo de ítem Koha Libro
946 ## - PROCESAMIENTO DE INFORMACIÓN LOCAL (OCLC)
Iniciales del agente catalogador llh
Holdings
Estatus retirado Estado de pérdida Fuente del sistema de clasificación o colocación Estado de daño No para préstamo Colección Biblioteca de origen Biblioteca actual Ubicación en estantería Fecha de adquisición Signatura topográfica completa Código de barras Visto por última vez Copia número Tipo de ítem Koha
    Clasificación de Library of Congress     Automatización y Procesos Técnicos Biblioteca Juan Bosch Biblioteca Juan Bosch Automatización y Procesos Técnicos (1er. Piso) 30/04/2026 PN1992.4.A2 K23c 2021 00000200058 30/04/2026 1 Libro